[Event "FRA-chT4 1516"]
[Site "Champagne Ardennes"]
[Date "2016.03.13"]
[Round "6"]
[White "Belloy, Julien"]
[Black "Rapinel, Franck"]
[Result "1/2-1/2"]
[WhiteElo "2087"]
[BlackElo "2120"]
[PlyCount "84"]
[EventDate "2015.12.06"]
[EventType "team-tourn"]
[EventRounds "7"]
[EventCountry "FRA"]
[SourceTitle "EXT 2024"]
[Source "ChessBase"]
[SourceDate "2023.10.10"]
[SourceVersion "1"]
[SourceVersionDate "2023.10.10"]
[SourceQuality "1"]

1. c4 e5 2. Nc3 Nf6 3. g3 d5 4. cxd5 Nxd5 5. Bg2 Nb6 6. Nf3 Nc6 7. 0-0 Be7 8. d3 0-0 9. a3 Re8 10. b4 Bf8 11. Bb2 a5 12. b5 Nd4 13. e3 Nf5 14. Ne4 f6 15. Rc1 Nd6 16. Nxd6 Bxd6 17. Nd2 a4 18. Ne4 Ra5 19. d4 Rxb5 20. dxe5 fxe5 21. Nxd6 Qxd6 22. Qc2 c6 23. Rfd1 Qh6 24. Be4 Bg4 25. Rd2 Qh5 26. f4 Rb3 27. Bxe5 Rxe3 28. Rb1 Rxe4 29. Qxe4 Bf5 30. Qb4 Bxb1 31. Qxb6 Bf5 32. Qxb7 Qg6 33. Rd6 Qf7 34. Qxf7+ Kxf7 35. Rxc6 Re7 36. Kf2 Be6 37. Ke3 Bb3 38. Ke4 Rd7 39. Rc7 Rxc7 40. Bxc7 Ke6 41. f5+ Kf7 42. h4 g6 1/2-1/2

[Event "FRA-chT4 1516"]
[Site "Champagne Ardennes"]
[Date "2015.12.06"]
[Round "3.1"]
[White "Belloy, Julien"]
[Black "Fourcart, Maxence"]
[Result "0-1"]
[WhiteElo "2090"]
[BlackElo "2077"]
[PlyCount "70"]
[EventDate "2015.12.06"]
[EventType "team-tourn"]
[EventRounds "7"]
[EventCountry "FRA"]
[SourceTitle "EXT 2024"]
[Source "ChessBase"]
[SourceDate "2023.10.10"]
[SourceVersion "1"]
[SourceVersionDate "2023.10.10"]
[SourceQuality "1"]

1. c4 c6 2. e4 d5 3. cxd5 cxd5 4. exd5 Qxd5 5. Nc3 Qa5 6. d4 e6 7. Bd3 Nf6 8. Nge2 Nc6 9. 0-0 Be7 10. Be3 0-0 11. a3 a6 12. b4 Qd8 13. Qc2 Bd7 14. Rad1 Rc8 15. Qb1 g6 16. Ne4 Nd5 17. Bh6 Re8 18. Nc5 Rb8 19. Be4 Bf8 20. Bxf8 Rxf8 21. b5 Nce7 22. a4 axb5 23. axb5 b6 24. Na6 Rc8 25. Rc1 f5 26. Bf3 Rxc1 27. Rxc1 Qe8 28. Nc3 Nxc3 29. Rxc3 Nd5 30. Nc7 Nxc3 31. Qb3 Qe7 32. Qxc3 Rc8 33. Bb7 Rb8 34. Bf3 Qd6 35. d5 Rc8 0-1

[Event "FRA-chT4 1516"]
[Site "Champagne Ardennes"]
[Date "2015.10.04"]
[Round "1"]
[White "Belloy, Julien"]
[Black "Massart, Jeremy"]
[Result "1-0"]
[WhiteElo "2090"]
[BlackElo "1982"]
[PlyCount "141"]
[EventDate "2015.12.06"]
[EventType "team-tourn"]
[EventRounds "7"]
[EventCountry "FRA"]
[SourceTitle "EXT 2024"]
[Source "ChessBase"]
[SourceDate "2023.10.10"]
[SourceVersion "1"]
[SourceVersionDate "2023.10.10"]
[SourceQuality "1"]

1. c4 Nf6 2. Nc3 c5 3. g3 g6 4. d4 cxd4 5. Qxd4 Bg7 6. Nf3 0-0 7. Bg2 Nc6 8. Qd1 Qb6 9. 0-0 d6 10. Nb5 Be6 11. Be3 Qa5 12. b3 a6 13. Nbd4 Bd7 14. Bd2 Qb6 15. Bc3 Rab8 16. Rc1 Rfd8 17. Qc2 Nb4 18. Qb1 e5 19. Nc2 Bf5 20. Bxb4 Bxc2 21. Rxc2 Qxb4 22. Rd1 b5 23. cxb5 axb5 24. Rc7 h6 25. Qc2 Ne8 26. Rc6 Nf6 27. Ne1 e4 28. e3 d5 29. Qb1 d4 30. Nc2 Qa5 31. Nxd4 Ra8 32. Bxe4 Qxa2 33. Rxf6 Qxb1 34. Rxb1 Bxf6 35. Bxa8 Bxd4 36. exd4 Rxa8 37. Rd1 Kf8 38. Kg2 Ke7 39. Kf3 Kd6 40. Ke4 Ra2 41. Ke3 Rb2 42. Rd3 Kd5 43. h4 h5 44. Rc3 b4 45. Rc5+ Kd6 46. Rb5 Rxb3+ 47. Ke4 Rb1 48. Rb6+ Ke7 49. Ke5 Re1+ 50. Kd5 Re2 51. Rb7+ Kf6 52. Rxb4 Rxf2 53. Kd6 Rd2 54. d5 Rd3 55. Rf4+ Kg7 56. Kc6 Rxg3 57. d6 Rd3 58. Re4 f6 59. Re8 g5 60. d7 Kg6 61. hxg5 Kxg5 62. d8Q Rxd8 63. Rxd8 h4 64. Kd5 Kf4 65. Rh8 Kg3 66. Ke4 f5+ 67. Ke3 h3 68. Rg8+ Kh2 69. Kf2 Kh1 70. Rh8 h2 71. Ra8 1-0

[Event "FRA-chT4"]
[Site "Champagne Ardenne"]
[Date "2005.02.07"]
[Round "5"]
[White "Belloy, Julien"]
[Black "Sohier, Renaud"]
[Result "1-0"]
[WhiteElo "2030"]
[BlackElo "1930"]
[PlyCount "78"]
[EventDate "2005.01.09"]
[EventRounds "7"]
[EventCountry "FRA"]
[SourceTitle "EXT 2007"]
[Source "ChessBase"]
[SourceDate "2006.11.23"]
[SourceVersion "1"]
[SourceVersionDate "2006.11.23"]
[SourceQuality "1"]

1. c4 Nf6 2. Nc3 g6 3. d4 Bg7 4. e4 0-0 5. e5 Ne8 6. f4 d6 7. Nf3 f6 8. exd6 Nxd6 9. Bd3 Bg4 10. h3 Bxf3 11. Qxf3 Nc6 12. 0-0 Kh8 13. d5 Nb4 14. a3 Nxd3 15. Qxd3 c6 16. Re1 Qb6+ 17. Be3 Qb3 18. Bc5 Nxc4 19. Rxe7 Nxb2 20. Qd4 Rg8 21. dxc6 bxc6 22. Rae1 Rad8 23. Qe3 Nc4 24. Qc1 f5 25. Nd1 Nd2 26. Nf2 Bb2 27. Qd1 a5 28. Ra7 Qxd1 29. Nxd1 Bg7 30. Ree7 Nb3 31. Ne3 Nxc5 32. Nc4 Rde8 33. Rf7 Ne4 34. Ne5 Nd6 35. Rfd7 Rxe5 36. fxe5 Ne8 37. Kf1 h5 38. Re7 Rf8 39. Ra8 Kg8 1-0

[Event "FRA-chT4"]
[Site "Champagne Ardenne"]
[Date "2005.01.09"]
[Round "4"]
[White "Belloy, Julien"]
[Black "Raulet, Alain"]
[Result "1/2-1/2"]
[WhiteElo "2030"]
[BlackElo "1970"]
[PlyCount "102"]
[EventDate "2005.01.09"]
[EventRounds "7"]
[EventCountry "FRA"]
[SourceTitle "EXT 2007"]
[Source "ChessBase"]
[SourceDate "2006.11.23"]
[SourceVersion "1"]
[SourceVersionDate "2006.11.23"]
[SourceQuality "1"]

1. d4 Nf6 2. Bg5 e6 3. Nd2 h6 4. Bh4 d5 5. e4 g5 6. Bg3 Nxe4 7. Nxe4 dxe4 8. h4 Bd6 9. Bxd6 cxd6 10. Qg4 Qa5+ 11. c3 Nc6 12. hxg5 Rg8 13. Qxe4 hxg5 14. Qh7 Rf8 15. Qg7 Ne7 16. Rh8 Ng6 17. Rxf8+ Nxf8 18. Bd3 Qd5 19. Nf3 e5 20. Nxg5 exd4 21. Be4 Qc4 22. Qxd4 Qxd4 23. cxd4 Be6 24. Bxb7 Rb8 25. Bc6+ Bd7 26. Bxd7+ Nxd7 27. b3 Rb4 28. Nf3 Nf6 29. Rc1 Kd7 30. Ke2 Nd5 31. g3 Rb8 32. Kd2 Rh8 33. Rc4 Nb6 34. Rc1 Nd5 35. a3 f6 36. Ne1 Re8 37. Nc2 Rb8 38. b4 Ne7 39. Ne3 Nc6 40. Nc2 Ne7 41. Rb1 Nd5 42. Ne3 Ne7 43. Kd3 Rh8 44. b5 f5 45. a4 Rh2 46. a5 Rxf2 47. b6 axb6 48. axb6 Nc6 49. b7 Kc7 50. Nd5+ Kb8 51. Ke3 Rh2 1/2-1/2

[Event "FRA-chT4"]
[Site "Ech Ardennais/La Francheville"]
[Date "2004.12.05"]
[Round "3"]
[White "Belloy, Julien"]
[Black "Lassalle, Arnaud"]
[Result "1/2-1/2"]
[WhiteElo "2040"]
[BlackElo "1990"]
[PlyCount "48"]
[EventDate "2004.10.10"]
[EventType "team"]
[EventRounds "3"]
[EventCountry "FRA"]
[SourceTitle "EXT 2007"]
[Source "ChessBase"]
[SourceDate "2006.11.23"]
[SourceVersion "1"]
[SourceVersionDate "2006.11.23"]
[SourceQuality "1"]

1. c4 e6 2. g3 d5 3. cxd5 exd5 4. Bg2 Nf6 5. d4 Be7 6. Nc3 c6 7. Qb3 Nbd7 8. Nf3 0-0 9. 0-0 Qb6 10. Qc2 Re8 11. Re1 Nf8 12. Na4 Qd8 13. Nc5 Ne6 14. b4 a5 15. Bd2 axb4 16. Bxb4 Nxc5 17. Bxc5 Ne4 18. Bxe7 Qxe7 19. a4 f6 20. e3 Bd7 21. a5 Ra7 22. Nd2 Nxd2 23. Qxd2 Rea8 24. Qa2 Qd8 1/2-1/2

[Event "FRA-chT4"]
[Site "Ech Ardennais/La Francheville"]
[Date "2004.10.10"]
[Round "1"]
[White "Garcia, Gilles"]
[Black "Belloy, Julien"]
[Result "0-1"]
[WhiteElo "1960"]
[BlackElo "2040"]
[PlyCount "78"]
[EventDate "2004.10.10"]
[EventType "team"]
[EventRounds "3"]
[EventCountry "FRA"]
[SourceTitle "EXT 2007"]
[Source "ChessBase"]
[SourceDate "2006.11.23"]
[SourceVersion "1"]
[SourceVersionDate "2006.11.23"]
[SourceQuality "1"]

1. d4 Nf6 2. Nc3 g6 3. e4 d6 4. Be2 Bg7 5. f4 0-0 6. Be3 Na6 7. Bf3 c5 8. Nge2 Ng4 9. Bg1 Rb8 10. h3 Nh6 11. Be3 f5 12. e5 cxd4 13. Bxd4 dxe5 14. fxe5 Ra8 15. e6 Bxd4 16. Nxd4 Nc7 17. Qd2 Kg7 18. 0-0-0 Qd6 19. Qe2 Qc5 20. Nb3 Qb6 21. Qe5+ Kg8 22. Na4 Qb4 23. Rd4 Qb5 24. Qxc7 Bxe6 25. Nac5 Bxb3 26. Nxb3 e5 27. Bd5+ Nf7 28. Qxe5 Qa6 29. Rhd1 Qb6 30. Qe7 a6 31. Be6 Kg7 32. Bxf7 Rxf7 33. Qe5+ Kg8 34. Nc5 Rc8 35. Ne6 Re7 36. Rd7 Rce8 37. Rxe7 Rxe7 38. Rd8+ Qxd8 39. Nxd8 Rxe5 0-1

[Event "FRA-chT4 0203"]
[Site "Champagne Ardenne"]
[Date "2003.03.16"]
[Round "6"]
[White "Lassalle, Arnaud"]
[Black "Belloy, Julien"]
[Result "0-1"]
[WhiteElo "2080"]
[BlackElo "1920"]
[PlyCount "136"]
[EventDate "2002.10.02"]
[EventType "team"]
[EventRounds "7"]
[EventCountry "FRA"]
[SourceTitle "EXT 2005"]
[Source "ChessBase"]
[SourceDate "2004.11.15"]
[SourceVersion "1"]
[SourceVersionDate "2004.11.15"]
[SourceQuality "1"]

1. e4 e6 2. d4 d5 3. Nd2 Nf6 4. e5 Nfd7 5. Bd3 c5 6. c3 Nc6 7. Ne2 Qb6 8. Nf3 cxd4 9. cxd4 Be7 10. 0-0 0-0 11. Nf4 Re8 12. Re1 Nf8 13. a3 a5 14. Rb1 f6 15. Nh5 fxe5 16. dxe5 Qd8 17. Be3 b6 18. Rc1 Bd7 19. Bb5 Nxe5 20. Nxe5 Bxb5 21. Nxg7 Kxg7 22. Qh5 Bf6 23. Bh6+ Kg8 24. Qf7+ Kh8 25. Rc7 Qxc7 26. Qxc7 Ng6 27. Nf7+ Kg8 28. Nd6 Re7 29. Qxb6 Be8 30. f4 Bh8 31. f5 Ne5 32. Re3 exf5 33. Nxf5 Rf7 34. Qe6 Ng6 35. Rg3 Bxb2 36. Nd6 Rb8 37. Rxg6+ hxg6 38. Qxg6+ Rg7 39. Qd3 Rg6 40. Qxd5+ Kh7 41. Bf4 Rg8 42. Nf5 Rb5 43. Qd6 Bg7 44. Ne3 Bg6 45. Qd7 Rb1+ 46. Kf2 Rf8 47. g3 Rb2+ 48. Kg1 Rb1+ 49. Kg2 Rb2+ 50. Kh3 Rb3 51. Qe7 Re8 52. Qc5 Bf8 53. Qxa5 Rxa3 54. Qg5 Ra6 55. g4 Bg7 56. Kg3 Rc8 57. h4 Rcc6 58. Be5 Ra5 59. h5 Rxe5 60. hxg6+ Rxg6 61. Qf4 Re7 62. Kf3 Bh6 63. g5 Bxg5 64. Nf5 Bxf4 65. Nxe7 Re6 66. Nd5 Bc1 67. Kg4 Kg6 68. Kf3 Kf5 0-1

[Event "FRA-chT4 0203"]
[Site "Champagne Ardenne"]
[Date "2002.12.08"]
[Round "3"]
[White "Belloy, Julien"]
[Black "Charles, Philippe"]
[Result "0-1"]
[WhiteElo "2000"]
[BlackElo "2070"]
[PlyCount "104"]
[EventDate "2002.10.02"]
[EventType "team"]
[EventRounds "7"]
[EventCountry "FRA"]
[SourceTitle "EXT 2005"]
[Source "ChessBase"]
[SourceDate "2004.11.15"]
[SourceVersion "1"]
[SourceVersionDate "2004.11.15"]
[SourceQuality "1"]

1. d4 Nf6 2. Bg5 e6 3. c4 d5 4. Nc3 Bb4 5. Qb3 Bxc3+ 6. bxc3 0-0 7. cxd5 Qxd5 8. Bxf6 gxf6 9. Qxd5 exd5 10. e3 Bf5 11. Ne2 Nd7 12. Ng3 Bg6 13. c4 c6 14. Rc1 Rac8 15. Kd2 f5 16. Bd3 f4 17. exf4 Bxd3 18. Kxd3 dxc4+ 19. Rxc4 Nb6 20. Rcc1 Rcd8 21. Rhe1 Nd5 22. Ne2 Nb4+ 23. Kc4 a5 24. a3 b5+ 25. Kc5 Nd3+ 26. Kxc6 Nxe1 27. Rxe1 Rfe8 28. Kxb5 Rc8 29. Kxa5 Rc2 30. Kb6 Rexe2 31. Rxe2 Rxe2 32. a4 Rxf2 33. a5 Rxg2 34. h4 Rd2 35. Kc5 Rc2+ 36. Kb6 Kf8 37. a6 Ke7 38. a7 Ra2 39. Kb7 Kd6 40. a8Q Rxa8 41. Kxa8 Kd5 42. Kb7 Kxd4 43. Kc7 Ke4 44. Kd7 Kxf4 45. Ke7 f5 46. Kf6 Kg4 47. h5 f4 48. h6 f3 49. Kg7 f2 50. Kxh7 f1Q 51. Kg7 Qa1+ 52. Kg6 Qh8 0-1

[Event "Ardennes-ch 0102"]
[Site "Ardennes"]
[Date "2001.??.??"]
[Round "?"]
[White "Belloy, Julien"]
[Black "Camus, Berenger"]
[Result "0-1"]
[WhiteElo "1910"]
[BlackElo "2060"]
[PlyCount "60"]
[EventDate "2001.??.??"]
[EventType "swiss"]
[EventRounds "9"]
[EventCountry "FRA"]
[SourceTitle "EXT 2008"]
[Source "ChessBase"]
[SourceDate "2007.11.25"]
[SourceVersion "1"]
[SourceVersionDate "2007.11.25"]
[SourceQuality "1"]

1. d4 Nf6 2. c4 c5 3. d5 d6 4. Nc3 g6 5. Bg5 Bg7 6. Nf3 0-0 7. h3 Bf5 8. e3 Ne4 9. Nxe4 Bxe4 10. Bd3 Bxf3 11. gxf3 Bxb2 12. Rb1 Bc3+ 13. Ke2 b6 14. h4 Nd7 15. f4 Qe8 16. Qf1 Bg7 17. h5 Nf6 18. hxg6 fxg6 19. Qh3 Qf7 20. f5 Nh5 21. Rbg1 b5 22. fxg6 hxg6 23. Bh4 bxc4 24. Bxg6 Qxd5 25. Bg3 Qf3+ 26. Kd2 Qd5+ 27. Kc1 c3 28. Rd1 Qxa2 29. Rd3 Rab8 30. Rxc3 Bxc3 0-1